Dopasuj imię do nazwiska - prezydenci USA - Statystyki

Ogólne statystyki
  • Ten quiz został rozwiązany 43 razy
  • Średni wynik to 15 z 20
Statystyki odpowiedzi
Hint Odpowiedź % Poprawnych
Abraham Lincoln
100%
Joe Biden
97%
Bill Clinton
97%
Barack Obama
97%
Donald Trump
95%
George Bush
92%
Ronald Reagan
92%
Harry Truman
84%
Theodore Roosevelt
82%
John Kennedy
79%
Richard Nixon
79%
Jimmy Carter
76%
Woodrow Wilson
76%
Thomas Jefferson
71%
Dwight Eisenhower
63%
Ulysses Grant
61%
Herbert Hoover
58%
Calvin Coolidge
50%
Martin Van Buren
47%
Grover Cleveland
37%
Nie znaleziono quizów pasujących do podanych kryteriów
Rozkład punktacji
Procent ludzi z każdym wynikiem
Percentyl według liczby udzielonych odpowiedzi
Twoja historia wyników
Nie rozwiązałeś tego quizu